[Event "IECG CA.2004.0.00125 email"]
[Site "IECG email"]
[Date "2004.05.16"]
[Round "?"]
[White "Melzer, Wilfried"]
[Black "Sapi, Janos"]
[Result "0-1"]
[WhiteElo "2000"]
[BlackElo "2149"]
[PlyCount "22"]
[EventDate "2004.05.16"]
[EventType "tourn (corr)"]
[EventRounds "6"]
[SourceTitle "Corr 2008"]
[Source "ChessBase"]
[SourceDate "2008.06.24"]
[SourceVersion "1"]
[SourceVersionDate "2008.06.24"]
[SourceQuality "1"]

1. d4 Nf6 2. c4 g6 3. Nc3 d5 4. cxd5 Nxd5 5. e4 Nxc3 6. bxc3 Bg7 7. Nf3 c5 8. Rb1 0-0 9. Be2 b6 10. 0-0 Bb7 11. Qd3 Ba6 0-1

[Event "IECG CA.2004.0.00125 email"]
[Site "IECG email"]
[Date "2004.05.16"]
[Round "?"]
[White "Sapi, Janos"]
[Black "Hardy, David G"]
[Result "0-1"]
[WhiteElo "2149"]
[BlackElo "2131"]
[PlyCount "34"]
[EventDate "2004.05.16"]
[EventType "tourn (corr)"]
[EventRounds "6"]
[SourceTitle "Corr 2008"]
[Source "ChessBase"]
[SourceDate "2008.06.24"]
[SourceVersion "1"]
[SourceVersionDate "2008.06.24"]
[SourceQuality "1"]

1. e4 e6 2. d4 d5 3. Nd2 Be7 4. Bd3 c5 5. dxc5 Nf6 6. Qe2 0-0 7. Ngf3 a5 8. 0-0 Na6 9. e5 Nd7 10. Nb3 Naxc5 11. Bb5 a4 12. Nbd4 f6 13. exf6 Nxf6 14. Ne5 Nce4 15. Be3 Qc7 16. Ndf3 Nd7 17. c4 Nxe5 0-1

[Event "IECG CA.2004.0.00117 email"]
[Site "IECG email"]
[Date "2004.02.15"]
[Round "?"]
[White "Kleinsorgen, Horst M"]
[Black "Sapi, Janos"]
[Result "1/2-1/2"]
[WhiteElo "2084"]
[BlackElo "2149"]
[PlyCount "185"]
[EventDate "2004.02.15"]
[EventType "tourn (corr)"]
[EventRounds "6"]
[SourceTitle "Corr 2008"]
[Source "ChessBase"]
[SourceDate "2008.06.24"]
[SourceVersion "1"]
[SourceVersionDate "2008.06.24"]
[SourceQuality "1"]

1. e4 c5 2. Nf3 Nc6 3. Bb5 g6 4. Bxc6 dxc6 5. d3 Bg7 6. h3 Nf6 7. Nc3 0-0 8. Be3 b6 9. Qd2 e5 10. Bh6 Qd6 11. Bxg7 Kxg7 12. 0-0-0 a5 13. Qg5 Re8 14. g4 a4 15. Nb1 b5 16. Nbd2 Rb8 17. a3 Qe6 18. Qe3 Nd7 19. h4 h6 20. g5 h5 21. Kb1 Ba6 22. Ka1 b4 23. Rc1 Rb7 24. Rhd1 Reb8 25. Rb1 c4 26. d4 c5 27. dxe5 c3 28. bxc3 bxa3 29. Rxb7 Rxb7 30. c4 Bxc4 31. Qxa3 Qa6 32. Ng1 Be6 33. f4 Qa5 34. Ngf3 Nb6 35. Rb1 Bg4 36. e6 Bxe6 37. Qd3 Rd7 38. Qb5 Qc3+ 39. Qb2 Qxb2+ 40. Kxb2 a3+ 41. Kxa3 Ra7+ 42. Kb2 Na4+ 43. Kc1 Nc3 44. Rb6 Ne2+ 45. Kb1 Ra4 46. Ne5 Nc3+ 47. Kc1 Nxe4 48. Nd3 Ra1+ 49. Kb2 Ra2+ 50. Kc1 Nxd2 51. Kxd2 c4 52. Nb2 Ra1 53. Nd1 Kf8 54. Rb7 Ke8 55. Rb5 Kd7 56. Rc5 Kd6 57. Re5 Kc6 58. Re4 c3+ 59. Nxc3 Rh1 60. f5 Bxf5 61. Rc4+ Kd6 62. Ne4+ Kd5 63. Nf2 Rh2 64. Rf4 Ke5 65. Ke3 Bxc2 66. Rb4 Rg2 67. Rb5+ Ke6 68. Rb6+ Ke7 69. Kf3 Rg1 70. Kf4 Bf5 71. Ra6 Rf1 72. Kf3 Rc1 73. Ra7+ Ke6 74. Ra6+ Kd5 75. Ra5+ Kd4 76. Ra4+ Kc5 77. Ne4+ Bxe4+ 78. Kxe4 Kd6 79. Ra6+ Ke7 80. Ra7+ Kf8 81. Kf3 Rg1 82. Ra8+ Kg7 83. Ra4 f5 84. Ra7+ Kf8 85. Ra8+ Kf7 86. Ra7+ Ke6 87. Ra6+ Ke5 88. Ra5+ Kd4 89. Ra4+ Ke5 90. Ra5+ Kd4 91. Ra4+ Kd5 92. Ra5+ Kd6 93. Ra6+ 1/2-1/2

[Event "IECG CA.2004.0.00117 email"]
[Site "IECG email"]
[Date "2004.02.15"]
[Round "?"]
[White "Sapi, Janos"]
[Black "Orsolic, Marijan"]
[Result "0-1"]
[WhiteElo "2149"]
[BlackElo "2020"]
[PlyCount "78"]
[EventDate "2004.02.15"]
[EventType "tourn (corr)"]
[EventRounds "6"]
[SourceTitle "Corr 2008"]
[Source "ChessBase"]
[SourceDate "2008.06.24"]
[SourceVersion "1"]
[SourceVersionDate "2008.06.24"]
[SourceQuality "1"]

1. e4 c5 2. Nf3 d6 3. d4 cxd4 4. Nxd4 Nf6 5. Nc3 a6 6. Bc4 e6 7. Bb3 Nbd7 8. Bg5 h6 9. Bh4 Qa5 10. Qe2 Qh5 11. Nf3 Be7 12. 0-0-0 Nc5 13. h3 Nxb3+ 14. axb3 Qc5 15. Rhe1 Bd7 16. e5 dxe5 17. Nxe5 Bb5 18. Qe3 Qxe3+ 19. Rxe3 g5 20. Bg3 h5 21. Nxb5 axb5 22. Nd3 Nd5 23. Ree1 0-0 24. Kd2 Rfd8 25. Ke2 b4 26. Kf3 b6 27. Be5 f6 28. Bd4 Kf7 29. g4 Rac8 30. Rc1 Rh8 31. Rg1 hxg4+ 32. hxg4 Bd6 33. Ke4 Rh4 34. c4 bxc3 35. Bxc3 Bh2 36. Rg2 Rh3 37. f3 Rd8 38. Rcc2 f5+ 39. gxf5 Rh4+ 0-1